| 000 | 01583ngm a22004330a 4500 | ||
|---|---|---|---|
| 001 | PT42277 | ||
| 003 | AR-LpoUNG | ||
| 005 | 20210201235942.0 | ||
| 007 | vd cvaizq | ||
| 008 | 191001s2002||||ag |||||||||||||||||spa d | ||
| 037 | _c$3.35 | ||
| 040 |
_aAR-LpoUNG _bspa _cAR-LpoUNG _eaacr |
||
| 041 | _aspa | ||
| 044 | _aag | ||
| 082 | 0 | _a982.064 676ray | |
| 100 | 1 |
_aArdito, Ernesto _edir. |
|
| 245 | 1 | 0 |
_aRaymundo : _bla lucha de toda una generación de cineastas revolucionarios |
| 260 |
_aBuenos Aires : _bMiradas al Sur, _cnoviembre 2002. |
||
| 300 | _aDVD (127 min.) son., byn, col. | ||
| 505 | 0 | _aGuión: Ernesto Ardito y Virna Molina | |
| 520 | _aLargometraje sobre la vida y obra de Raymundo Gleyzer (1941-1976), cineasta argentino secuestrado y asesinado por la dictadura militar. En conjunto con su trayectoria, se narra la del cine revolucionario latinoamericano y las luchas de liberación de los 60ï y 70ï. En vida, Gleyzer fue uno de los principales referentes del cine combativo y militante, y luego de su ®desaparición» quedó en el más oscuro de los olvidos para la sociedad. | ||
| 650 | 4 | _aANALISIS HISTORICO | |
| 650 | 4 | _aARGENTINA | |
| 650 | 4 | _aBIOGRAFIAS | |
| 650 | 4 | _aDICTADURA | |
| 650 | 4 | _aGOBIERNO MILITAR | |
| 650 | 4 | _aINDUSTRIA CINEMATOGRAFICA | |
| 650 | 4 | _aPELICULAS | |
| 651 | 4 | _aArgentina | |
| 653 | _aCINE ARGENTINO | ||
| 653 | _aDESAPARECIDOS | ||
| 653 | _aDOCUMENTALES | ||
| 653 | _aDOCUMENTALISTAS | ||
| 653 | _aDVD | ||
| 653 | _aVIDEOS | ||
| 700 | 1 |
_aMolina, Virna _edir. |
|
| 905 | _a42277 | ||
| 942 | _cDVD | ||
| 999 |
_c53822 _d53822 |
||